| 000 | 00566nam a2200193Ia 4500 | ||
|---|---|---|---|
| 005 | 20250923145053.0 | ||
| 008 | 008 250917s9999 xx 000 0 eng d | ||
| 037 | _aTextual | ||
| 040 |
_aDSWL _beng _cDSWL |
||
| 041 |
_aeng _2eng |
||
| 084 |
_aY17:X2.75.1.N6z7, K5 _qDSWL |
||
| 245 | 0 |
_aIndustrialisatiuon and race relations _cEd.by Guy Hunter |
|
| 260 |
_aLondon _bOxford University press _c1965 |
||
| 300 | _axi,226p. | ||
| 365 |
_aINR _b42 |
||
| 925 | _g42 | ||
| 942 |
_cTEXL _hY17:X2.75.1.N6z7, K5 |
||
| 999 |
_c1446725 _d1446725 |
||